000 00344nam a2200133Ia 4500
008 220216s9999 xx 000 0 und d
100 _aMenon P.M.
245 0 _aNatural rubber: World bank assisted project
260 _bPlanters' Chronicle
_c1995
300 _a195-201
650 _aRubber Board
650 _aWorld bank project
942 _cBS
999 _c52154
_d52154